Effective Public Relations / Sixth Edition (Record no. 1657)
[ view plain ]
| 000 -LEADER | |
|---|---|
| fixed length control field | 01456cam a22002414a 4500 |
| 005 - ΗΜΕΡΟΜΗΝΙΑ ΚΑΙ ΩΡΑ ΤΕΛΕΥΤΑΙΑΣ ΕΝΗΜΕΡΩΣΗΣ | |
| Πεδίο ελέγχου | 20250605164015.0 |
| 008 - FIXED-LENGTH DATA ELEMENTS--GENERAL INFORMATION | |
| Πεδίο ελέγχου σταθερού μήκους | 250528s ||||||||||||||||||||||||d |
| 035 ## - SYSTEM CONTROL NUMBER | |
| System control number | 16120 |
| 020 ## - ISBN | |
| ISBN | 132450771 |
| 040 ## - ΠΗΓΗ ΚΑΤΑΛΟΓΟΓΡΑΦΗΣΗΣ | |
| Φορέας πρωτότυπης καταλογογράφησης | MC Athens Campus Library |
| Γλώσσα καταλογογράφησης | Ελληνικά, Μοντέρνα (1453-) |
| Modifying agency | MC Athens Campus Library |
| Κανόνες περιγραφικής καταλογογράφησης | AACR2 |
| 245 1# - ΤΙΤΛΟΣ ΚΑΙ ΔΗΛΩΣΗ ΥΠΕΥΘΥΝΟΤΗΤΑΣ | |
| Τίτλος | Effective Public Relations / Sixth Edition |
| 250 ## - EDITION STATEMENT | |
| Edition statement | 6th |
| 260 ## - PUBLICATION, DISTRIBUTION, ETC. | |
| Name of publisher, distributor, etc. | Prentice Hall, |
| Date of publication, distribution, etc. | 1985 |
| 300 ## - PHYSICAL DESCRIPTION | |
| Extent | 672 |
| 505 0# - FORMATTED CONTENTS NOTE | |
| Formatted contents note | Preface, The Principles of Process, Introduction to Contemporary Public Relations, Practitioners of Public Relations, Social Context of Public Relations, Communication and Public Opinion, The Internal Publics, Internal Communication Media, External Publics, Media Relations, Towards A Profession, The Practice: Business and Industry, The Practice: Politics and Government, The Practice: Public Schools, The Practice: Higher Education, Index. |
| 520 ## - SUMMARY, ETC. | |
| Summary, etc. | Preface, The Principles of Process, Introduction to Contemporary Public Relations, Practitioners of Public Relations, Social Context of Public Relations, Communication and Public Opinion, The Internal Publics, Internal Communication Media, External Publics, Media Relations, Towards A Profession, The Practice: Business and Industry, The Practice: Politics and Government, The Practice: Public Schools, The Practice: Higher Education, Index. |
| 700 1# - ΠΡΟΣΘΕΤΗ ΑΝΑΓΡΑΦΗ--ΦΥΣΙΚΟ ΠΡΟΣΩΠΟ | |
| Personal name | Broom Glen M |
| 9 (RLIN) | 2157 |
| 700 1# - ΠΡΟΣΘΕΤΗ ΑΝΑΓΡΑΦΗ--ΦΥΣΙΚΟ ΠΡΟΣΩΠΟ | |
| Personal name | Cutlip Scott M |
| 9 (RLIN) | 2158 |
| 710 2# - ΠΡΟΣΘΕΤΗ ΑΝΑΓΡΑΦΗ--ΣΥΛΛΟΓΙΚΟ ΟΡΓΑΝΟ | |
| Corporate name or jurisdiction name as entry element | Center Allen H |
| 9 (RLIN) | 9728 |
| 942 ## - ADDED ENTRY ELEMENTS (KOHA) | |
| Koha item type | Books |
| Τύπος τεκμηρίου | Βιβλιοθήκη | Τρέχουσα τοποθεσία | Barcode | Αριθμός εισαγωγής | Ημερομηνία απόκτησης | Ταξιθετικό σύμβολο | Αριθμός αντιτύπου | Κατάσταση απόσυρσης | Κατάσταση χαμένου | Κατάσταση κατεστραμμένου | Μη δανεισμός | Σύνολο δανεισμών | Ημερομηνία τελευταίας εμφάνισης | Η τιμή ισχύει από |
|---|---|---|---|---|---|---|---|---|---|---|---|---|---|---|
| Books | MC Athens Campus Library | MC Athens Campus Library | 9780000016560 | 2749 | 05/06/2025 | 659.2 CUT | 1 | 05/06/2025 | 05/06/2025 |